000 00971cab a2200289 4500
001 ABS51831
008 090401t1994 xxu||||| |||| 00| 0 eng d
035 _a(Sirsi) u45733
041 _aeng
100 _aDubow, L.
245 _aWhither the high street solicitor?
260 _c1994
350 _a0
490 _aSolicitors` Journal
_v138(42) 4 November 1994, 1122(1)
520 _aChief Executive of the Solicitors Property Group campaigns for the small high street practitioners, losing conveyancing work. Urges the Law Society to negotiate with lenders a procedure, which limits services for the lender.
650 _aCONVEYANCING
650 _aJOINT REPRESENTATION
650 _aMORTGAGE LENDERS
650 _aSOLICITORS PROPERTY GROUP
650 _aSOLICITORS
650 _aVALUATION REPORTS
650 _aVALUATIONS
690 _aLAND
690 _aMANAGEMENT-BUSINESS MANAGEMENT-PROFESSIONAL PRACTICE
942 _n0
948 _c04/03/1997
999 _c28942
_d28942